000
00307nam a22001337a 4500
008
210301b ||||| |||| 00| 0 eng d
020
_a
9781581101218
041
_a
eng
080
_a
616-053.2
100
_a
8
101
_a
PED
245
_a
Adhd -Acomplet and Authoritative Guide
_c
AAP
942
_2
udc
_c
BK
999
_c
55406
_d
55406